000 00394nam a22001577a 4500
005 20250130140822.0
008 250130b |||||||| |||| 00| 0 eng d
020 _a9780712110501
050 _aHG4014
_bWAT
100 _aWatts, B K R
245 _aBusiness finance
250 _a6th
260 _aLondon
_bMacdonald and Evans LTD
_cc1998
300 _aviii,328p;
_bill.;
942 _2lcc
_cBK
_n0
999 _c3255
_d3255